Abdullah Öcalan ile görüşme (Record no. 5679)

MARC details
000 -BAŞLIK
Sabit Uzunlukta Kontrol Alanı 00763na a2200265 4500
001 - KONTROL NUMARASI
Denetim Alanı 19863
003 - KONTROL NUMARASI IDENTIFIER
Denetim Alanı MIRAKIL
005 - SON İŞLEM TARİHİ VE ZAMANI
Denetim Alanı 20181213155044.0
008 - SABİT-BOY VERİ ELEMANLARI - GENEL BİLGİLER
Sabit Uzunlukta Kontrol Alanı 161228b tu 000 0
040 ## - KATALOGLAMA KAYNAK
Orijinal Kataloglama Ajansı Milas
Kataloglama Dili tur
Metne Dönüştürmek Ajansı TR-AnCHP
041 ## - DİL KODU
Metin / Ses Parça Veya Ayrı Başlığın Dil Kodu tur
082 ## - DEWEY ONLU SINIFLANDIRMA NUMARASI
Sınıflandırma Numarası 303.625
Ürün Numarası P36a 1991
090 ## - SINIFLAMA NUMARASI
Sınıflama Numarası 303.625 P36a 1991
100 ## - ANA GİRİŞ - KİŞİSEL İSİM
Kişisel Ad Perinçek, Doğu
245 ## - BAŞLIK TABLOSU
Başlık Abdullah Öcalan ile görüşme
Sorumluluk Tablosu, Vb Doğu Perinçek
250 ## - EDITION TABLOSU
Baskı Beyanı 5. bs.
260 ## - YAYIN, DAĞITIM, VB
Yayın, Dağıtım, Vb Yeri İstanbul
Yayıncı, Dağıtıcı, Vs Adı Güney Yayıncılık
Yayın, Dağıtım, Vb Tarihi 1991
300 ## - FİZİKSEL TANIM
Kapsam 151 s.
Boyutlar 20 sm.
490 ## - SERİSİ TABLOSU
Seri Beyanı Kaynak Yayınları
Hacim / Ardışık Tanımı 88
600 ## - KONU KATMA GİRİŞ - KURUMSAL ADI
Kişisel Ad Öcalan, Abdullah
Genel Alt Bölümü Terör Lideri
650 ## - KONU KATMA GİRİŞ - TOPİKAL DÖNEM
Topikal Süreli Veya Coğrafi Ad Giriş Elemanı Terör örgütleri
Coğrafi Alt Bölümü Kürdistan İşçi Partisi (PKK)
650 ## - KONU KATMA GİRİŞ - TOPİKAL DÖNEM
Topikal Süreli Veya Coğrafi Ad Giriş Elemanı Terör lideri
Coğrafi Alt Bölümü Türkiye
650 ## - KONU KATMA GİRİŞ - TOPİKAL DÖNEM
Topikal Süreli Veya Coğrafi Ad Giriş Elemanı Terörizm
Coğrafi Alt Bölümü Türkiye
942 ## - EKLENDİ GİRİŞ ELEMANLARI (KOHA)
Sınıflandırma Veya Raf Düzeni Kaynak Dewey Decimal Classification
Koha Öğesi Türü Books
999 ## - SİSTEM KONTROL NUMARALARI (KOHA)
Koha Biblionumber 5679
Koha Biblioitemnumber 5679
Holdings
Kalıcı Konum Mevcut Konum Edinme Tarihi Edinim Kaynak Toplam Check-Out'Lar Tam Çağrı Numarası Barkod Tarih Son Görülme İtibaren Geçerli Fiyatlar Koha Öğesi Türü
CHP Kütüphanesi CHP Kütüphanesi 12/28/2016 Bağış   303.625 P36a 1991 010867 12/28/2016 12/28/2016 Books